00628nam a2200193 a 450000100100000000500170001000800410002702000180006804000250008608200150011110000290012624500570015526000450021230000280025749000220028550000770030750400280038483000220041200004538620201002050123.0150305s2015 dr a 000 0 spa d z9789945410495 aDO-SdBNPbspacBNPHU axxxxbxxxx1 aHeidelman, Julio Alberto10aOratoria contemporánea /cJulio Alberto Heidelman. aSanto Domingo :bLetra Gráfica,c2015. a163 p. :bil. ;c22 cm.1 aLibros para todos aIncluye datos biográficos del autor en la solapa de la contracubierta. aBibliografía : p. 163 0aLibros para todos